|
|
|
|
| LEADER |
01151nam a2200301 a 4500 |
| 001 |
31985 |
| 003 |
BD-DhAAL |
| 005 |
20170806170029.0 |
| 008 |
170806s1998 njuab b 001 0 eng |
| 999 |
|
|
|c 38250
|d 38250
|
| 010 |
|
|
|a 97044484
|
| 020 |
|
|
|a 0691059772 (cloth : alk. paper)
|
| 040 |
|
|
|a DLC
|c DLC
|d DLC
|d BD-DhAAL
|
| 050 |
0 |
0 |
|a CB204
|b .S37 1998
|
| 082 |
0 |
0 |
|a 940.28
|2 21
|
| 100 |
1 |
|
|a Schorske, Carl E.
|9 21983
|
| 245 |
1 |
0 |
|a Thinking with history :
|b explorations in the passage to modernism /
|c Carl E. Schorske.
|
| 260 |
|
|
|a Princeton, N.J. :
|b Princeton University Press,
|c c1998.
|
| 300 |
|
|
|a xiv, 240 p. :
|b ill., map ;
|c 24 cm.
|
| 504 |
|
|
|a Includes bibliographical references and index.
|
| 526 |
|
|
|a ARC
|
| 541 |
|
|
|e 31985
|
| 650 |
|
0 |
|a Modernism (Aesthetics)
|9 21986
|
| 650 |
|
0 |
|a Historicism.
|9 21987
|
| 651 |
|
0 |
|a Europe
|x Civilization
|y 19th century.
|9 21984
|
| 651 |
|
0 |
|a Europe
|x Intellectual life
|y 19th century.
|9 21985
|
| 942 |
|
|
|2 ddc
|c BK
|
| 952 |
|
|
|0 0
|1 0
|2 ddc
|4 0
|6 940_280000000000000_SCH
|7 0
|9 60982
|a BRACUL
|b BRACUL
|c GEN
|d 2017-07-31
|e Development Book Agency
|g 2775.00
|l 0
|o 940.28 SCH
|p 3010031985
|r 2017-07-31
|t 1
|v 2775.00
|w 2017-07-31
|y BK
|